| 000 | 00712nam a22002057a 4500 | ||
|---|---|---|---|
| 005 | 20161125122750.0 | ||
| 008 | 161125b mx ||||| |||| 00| 0 spa d | ||
| 020 | _a9786076101186 | ||
| 050 | 0 | 4 |
_aKGF5848 _bO78 2014 |
| 100 | 1 | _aOrtiz Ruiz, José Alberto. | |
| 245 | 1 | 3 |
_aLa función de la policía preventiva en los juicios orales / _cJosé Alberto Ortiz Ruiz. |
| 250 | _a1a ed. | ||
| 260 |
_aMéxico : _bFlores Editor y Distribuidor, _c2014 |
||
| 300 |
_avii, 208 p. : _bil. ; _c21 cm. |
||
| 504 | _aIncluye bibliografía | ||
| 650 | 7 |
_2lemb _aInvestigación criminal _zMéxico |
|
| 650 | 7 |
_2lemb _aProcedimiento penal _zMéxico |
|
| 650 | 4 |
_aJuicios orales _xPolicía preventiva _zMéxico |
|
| 942 |
_2lcc _cLIB |
||
| 999 |
_c122184 _d122184 |
||